Estadística básica del sistema educativo : preescolar y primaria, inicio de cursos 1984-1985, medios urbanos y rural.

Uloženo v:
Podrobná bibliografie
Korporativní autor: México. Presidencia de la República Secretaría de Educación Pública
Médium: Kniha
Jazyk:španělština
Témata:
Tagy: Přidat tag
Žádné tagy, Buďte první, kdo vytvoří štítek k tomuto záznamu!

MARC

LEADER 00000cam^a2200000uu^4500
001 000490490
005 20250521000000.0
008 050901s1985^^^^^^^^^^^^rc^r^^000^0^spa^d
009 20260310125355.106
022 |a 9682906814 
035 |a FCE 000033706 
035 |a FCE 000851 
037 |a Acervo ITESO - Biblioteca 
041 |a spa 
082 0 4 |a 370.0212  |b SEC-MEX I.84-85 
110 |a México. Presidencia de la República  |b Secretaría de Educación Pública 
245 1 0 |a Estadística básica del sistema educativo :  |b preescolar y primaria, inicio de cursos 1984-1985, medios urbanos y rural. 
264 |a México :  |b SEP,  |c 1985. 
300 |a 55 p. 
336 |a texto  |b txt  |2 rdacontenido 
337 |a sin mediación  |b n  |2 rdamedio 
338 |a volumen  |b nc  |2 rdasoporte 
649 |a XX 
650 |a Estadísticas educativas 
650 |a Zona rural 
650 |a Zona urbana 
650 |a Investigación educativa 
650 |a Educación preescolar 
910 |a Fondo Centro de Estudios Educativos 
920 |a Impresos - Libros 
930 |a Fondos Especiales 
905 |a 133 
901 |a ALE000851  |b IT2  |c CEE  |u 20250521 
901 |a ALE042066  |b IT2  |c CEE  |u 20250521 
901 |a ALE042067  |b IT2  |c CEE  |u 20250521 
902 |a https://opac.biblio.iteso.mx/vufind/Record/000490490